[Event "World Senior Teams +50"]
[Site "Radebeul GER"]
[Date "2016.06.27"]
[Round "2.6"]
[Board "3"]
[White "Siegmund, Rainer"]
[Black "Volke, Karsten"]
[Result "0-1"]
[BlackTitle "IM"]
[WhiteElo "2087"]
[BlackElo "2478"]
[WhiteTeam "SV Dresden-Striesen 1990 e.V."]
[BlackTeam "Germany 1"]
[WhiteFideId "4614321"]
[BlackFideId "4611411"]
[EventDate "2016.06.26"]

1. d4 Nf6 2. c4 e6 3. Nc3 Bb4 4. Qc2 d5 5. a3 Bxc3+ 6. Qxc3 dxc4 7. Qxc4 b6 8.
Nf3 O-O 9. Bg5 Ba6 10. Qc2 c5 11. dxc5 bxc5 12. Rd1 Qa5+ 13. Bd2 Qb6 14. Bc3 Nc6
15. e3 Bxf1 16. Kxf1 Ne7 17. h3 Nfd5 18. Kg1 Nxc3 19. Qxc3 Rab8 20. Rd2 Nd5 21.
Qc2 Qc7 22. e4 Nb6 23. g3 Rfc8 24. Kh2 h6 25. Rhd1 c4 26. Nd4 Qe5 27. Ne2 c3 28.
bxc3 Nc4 29. Rd4 Nxa3 30. Qa4 Nb5 31. Rd7 Qf6 32. Kg2 Nxc3 33. Nxc3 Rxc3 34.
Qxa7 Qf3+ 35. Kg1 Rb2 36. Qd4 Rcc2 37. Rf1 Qxg3+ 0-1

[Event "World Senior Teams +50"]
[Site "Radebeul GER"]
[Date "2016.06.27"]
[Round "2.6"]
[Board "4"]
[White "Tischbierek, Raj"]
[Black "Glasewald, Stefan"]
[Result "1-0"]
[WhiteTitle "GM"]
[WhiteElo "2439"]
[BlackElo "2045"]
[WhiteTeam "Germany 1"]
[BlackTeam "SV Dresden-Striesen 1990 e.V."]
[WhiteFideId "4611322"]
[BlackFideId "4656504"]
[EventDate "2016.06.26"]

1. e4 c5 2. Nc3 e6 3. Nf3 Nc6 4. d4 cxd4 5. Nxd4 Nf6 6. Nxc6 bxc6 7. e5 Nd5 8.
Ne4 f5 9. exf6 Nxf6 10. Nd6+ Bxd6 11. Qxd6 Qa5+ 12. Bd2 Qd5 13. Qxd5 Nxd5 14. c4
Nf6 15. Bd3 d6 16. O-O Kf7 17. Rfe1 Re8 18. b4 Ba6 19. Rac1 Re7 20. Rc3 h6 21.
c5 Bxd3 22. cxd6 Rd7 23. Rxd3 Rad8 24. Bf4 Nd5 25. Bg3 Nxb4 26. Rf3+ Kg8 27.
Rxe6 Nxa2 28. h4 Nb4 29. Rc3 Kf7 30. Re4 a5 31. Rf3+ Kg8 32. Ra3 Rxd6 33. Bxd6
Rxd6 34. Rxa5 Nd5 35. f3 Rd7 36. Ra6 Ne7 37. Rf4 Ng6 38. Ra8+ Kh7 39. Re4 h5 40.
Ra5 Kh6 41. Re6 1-0

[Event "World Senior Teams +50"]
[Site "Radebeul GER"]
[Date "2016.06.27"]
[Round "2.7"]
[Board "3"]
[White "Ross, David"]
[Black "Schulz, Michael1"]
[Result "1-0"]
[WhiteTitle "IM"]
[BlackTitle "FM"]
[WhiteElo "2296"]
[BlackElo "2127"]
[WhiteTeam "Canada"]
[BlackTeam "Empor Potsdam"]
[WhiteFideId "2600277"]
[BlackFideId "4616731"]
[EventDate "2016.06.26"]

1. c4 e5 2. Nc3 Nf6 3. Nf3 Nc6 4. g3 d5 5. cxd5 Nxd5 6. Bg2 Nb6 7. O-O Be7 8.
Rb1 O-O 9. b4 Bf5 10. b5 Nd4 11. d3 Nxf3+ 12. Bxf3 c6 13. bxc6 bxc6 14. Bd2 Rc8
15. Na4 Bh3 16. Re1 Nd5 17. Rb7 a5 18. Qc2 Bb4 19. Rb1 Qd6 20. Nb6 Rcd8 21. Nxd5
cxd5 22. Bxb4 axb4 23. R7xb4 Rc8 24. Qb2 d4 25. Bg2 Bxg2 26. Kxg2 Qd5+ 27. f3
Rc5 28. Rb8 g6 29. Rxf8+ Kxf8 30. a4 Kg7 31. Rc1 Rxc1 32. Qxc1 Qa5 33. Qc2 Qe1
34. Qa2 Qa5 35. Kf2 h5 36. Qc2 g5 37. Qc6 Qd2 38. Qe4 f6 39. f4 exf4 40. gxf4
gxf4 41. Qxd4 Kg6 42. Kf3 Kg5 43. h4+ Kg6 44. Qxf4 Qe1 45. Qg3+ 1-0

[Event "World Senior Teams +50"]
[Site "Radebeul GER"]
[Date "2016.06.27"]
[Round "2.8"]
[Board "1"]
[White "Krebs, Johann"]
[Black "Enders, Peter"]
[Result "0-1"]
[WhiteTitle "FM"]
[BlackTitle "GM"]
[WhiteElo "2273"]
[BlackElo "2448"]
[WhiteTeam "Graz"]
[BlackTeam "Thueringen"]
[WhiteFideId "1603590"]
[BlackFideId "4611314"]
[EventDate "2016.06.26"]

1. d4 Nf6 2. c4 e6 3. Nf3 c5 4. Nc3 cxd4 5. Nxd4 b6 6. Ndb5 Ba6 7. a3 Bxb5 8.
Nxb5 Nc6 9. Bf4 Rc8 10. Qa4 Ne4 11. Qc2 d5 12. cxd5 exd5 13. Rc1 Bc5 14. e3 O-O
15. Bd3 Nb4 16. Qe2 Nxd3+ 17. Qxd3 Qf6 18. Rc2 g5 19. Bg3 Qf5 20. Ke2 Bxe3 21.
Rxc8 Rxc8 22. Nc3 Bxf2 23. Bxf2 Qxf2+ 24. Kd1 Qxb2 0-1

[Event "World Senior Teams +50"]
[Site "Radebeul GER"]
[Date "2016.06.27"]
[Round "2.8"]
[Board "2"]
[White "Casper, Thomas"]
[Black "Wegerer, Fred"]
[Result "1-0"]
[WhiteTitle "IM"]
[BlackTitle "FM"]
[WhiteElo "2377"]
[BlackElo "2110"]
[WhiteTeam "Thueringen"]
[BlackTeam "Graz"]
[WhiteFideId "4611403"]
[BlackFideId "1601113"]
[EventDate "2016.06.26"]

1. e4 c5 2. Nf3 e6 3. d3 Ne7 4. g3 d5 5. Nbd2 b6 6. Bg2 Bb7 7. O-O Nd7 8. Re1 h6
9. c3 Ng6 10. h4 dxe4 11. Nxe4 Be7 12. d4 cxd4 13. Nxd4 O-O 14. Nf6+ Nxf6 15.
Bxb7 Rb8 16. Bg2 Bc5 17. Nc6 Qc7 18. b4 Qxg3 19. bxc5 Qxh4 20. Nxb8 Rxb8 21. Qf3
bxc5 22. Qg3 Rd8 23. Qxh4 Nxh4 24. Be3 Nxg2 25. Kxg2 Rd5 26. Rab1 g5 27. c4 Rf5
28. Rb5 Ng4 29. Bxc5 a6 30. Rb8+ Kh7 31. Bd4 Rf4 32. Rd8 h5 33. c5 e5 34. c6
exd4 35. c7 Rxf2+ 36. Kg1 1-0

[Event "World Senior Teams +50"]
[Site "Radebeul GER"]
[Date "2016.06.27"]
[Round "2.8"]
[Board "3"]
[White "Detter, Peter"]
[Black "Brueggemann, Joachim"]
[Result "0-1"]
[BlackTitle "IM"]
[WhiteElo "2028"]
[BlackElo "2304"]
[WhiteTeam "Graz"]
[BlackTeam "Thueringen"]
[WhiteFideId "1603680"]
[BlackFideId "4611861"]
[EventDate "2016.06.26"]

1. c4 e6 2. d4 Nf6 3. g3 Bb4+ 4. Bd2 Qe7 5. Bg2 Nc6 6. Nf3 Bxd2+ 7. Qxd2 a5 8.
Nc3 d6 9. d5 Nb4 10. a3 Na6 11. b4 e5 12. e4 O-O 13. O-O Bg4 14. Rab1 h6 15. h3
axb4 16. axb4 Bd7 17. Rfd1 Rfc8 18. Ne1 Ne8 19. Nd3 c6 20. dxc6 bxc6 21. b5 cxb5
22. cxb5 Nc5 23. Nxc5 Rxc5 24. Nd5 Qd8 25. b6 Bc6 26. Rdc1 Rxc1+ 27. Qxc1 Bb7
28. Nc7 Rc8 29. Qa3 Nxc7 30. Qa7 Bc6 31. bxc7 Qxc7 32. Qxc7 Rxc7 33. Rb8+ Kh7
34. h4 Kg6 35. Rd8 Rd7 36. Rc8 Bb7 37. Rc4 Kf6 38. f4 g6 39. Kf2 h5 40. Ke3 Re7
41. Bf3 Ba8 42. Ra4 Bc6 43. Rc4 Bd7 44. Bd1 Be6 45. Rc6 Rd7 46. Ba4 Ra7 47. Bc2
Ra3+ 48. Bd3 Ke7 49. Kd2 Bd7 50. Rb6 exf4 51. gxf4 Ra2+ 52. Ke3 Rh2 53. Rb7 Kd8
54. Rb8+ Kc7 55. Rf8 Be6 56. f5 gxf5 57. exf5 Rh3+ 58. Kd2 Bd5 59. Be2 Rh2 60.
Ke3 Rxh4 61. Rh8 Re4+ 62. Kd3 h4 63. Bf3 Re5 64. Bxd5 Rxd5+ 65. Ke4 Ra5 66. Rh7
Re5+ 67. Kf4 Re7 68. Rxh4 d5 69. Rh7 Kd6 70. Rh6+ Kc5 71. Rh1 d4 72. Rc1+ Kd5
73. Rd1 f6 74. Kg4 Re3 75. Kf4 Re4+ 76. Kf3 Ke5 77. Rh1 Re3+ 78. Kf2 Kxf5 79.
Rh5+ Ke4 80. Rh4+ Kd3 81. Rf4 Re6 0-1

[Event "World Senior Teams +50"]
[Site "Radebeul GER"]
[Date "2016.06.27"]
[Round "2.8"]
[Board "4"]
[White "Espig, Lutz"]
[Black "Kainz, Josef"]
[Result "1-0"]
[WhiteTitle "GM"]
[WhiteElo "2263"]
[BlackElo "1877"]
[WhiteTeam "Thueringen"]
[BlackTeam "Graz"]
[WhiteFideId "4611276"]
[BlackFideId "1613030"]
[EventDate "2016.06.26"]

1. Nf3 Nf6 2. c4 g6 3. d4 Bg7 4. g3 d5 5. cxd5 Nxd5 6. Bg2 O-O 7. O-O c6 8. Nc3
Nd7 9. e4 Nxc3 10. bxc3 c5 11. Qe2 Qa5 12. Bd2 b5 13. Rfb1 Ba6 14. a4 b4 15. Qe1
bxc3 16. Bxc3 Qc7 17. d5 Rab8 18. Bxg7 Kxg7 19. Qc3+ Kg8 20. h4 Nf6 21. Nd2 c4
22. d6 Qc5 23. e5 Ng4 24. Ne4 Qxe5 25. Qxe5 Nxe5 26. dxe7 1-0

[Event "World Senior Teams +50"]
[Site "Radebeul GER"]
[Date "2016.06.27"]
[Round "2.9"]
[Board "1"]
[White "Revuckij, Vladimir"]
[Black "Burchardt, Brigitte"]
[Result "1/2-1/2"]
[WhiteTitle "IM"]
[BlackTitle "WIM"]
[WhiteElo "2401"]
[BlackElo "2177"]
[WhiteTeam "Obuchiw"]
[BlackTeam "Germany 1 Women"]
[WhiteFideId "14106167"]
[BlackFideId "4612213"]
[EventDate "2016.06.26"]

1. c4 Nf6 2. Nc3 c5 3. Nf3 Nc6 4. d4 cxd4 5. Nxd4 Nxd4 6. Qxd4 d6 7. e4 g6 8.
Bg5 Bg7 9. Be2 O-O 10. Qd2 Be6 11. f3 Rc8 12. Nd5 Re8 13. O-O Nd7 14. Rac1 Ne5
15. Kh1 f5 16. exf5 Bxf5 17. Rfe1 Nf7 18. Bh4 Qd7 19. Bf1 h6 20. Nxe7+ Rxe7 21.
Rxe7 Qc6 22. Rce1 g5 23. Bg3 Bf6 24. R7e3 Kg7 25. b3 h5 26. Bf2 g4 27. f4 h4 28.
Qd5 Qxd5 29. cxd5 Rc2 30. R3e2 Rc8 31. Rd1 g3 32. hxg3 hxg3 33. Bxg3 Bg4 34.
Rde1 Bxe2 35. Bxe2 Rc2 36. Bh5 Nh6 37. Re2 Rc1+ 38. Kh2 Nf5 39. Bf2 b6 40. Bg4
Kg6 41. Bh3 Rd1 42. g4 Nd4 43. Bxd4 Rxd4 44. g5 Bg7 45. Re7 Rxf4 46. Rxa7 Be5
47. Kg2 Rd4 48. Be6 Kxg5 49. Kf3 b5 50. Ke3 b4 51. Ra6 Rh4 52. Ra8 Bd4+ 53. Kd3
Bc5 54. Rg8+ Kf6 55. Rf8+ Kg7 56. Rg8+ Kf6 57. Bg4 Kf7 58. Be6+ Kf6 1/2-1/2

[Event "World Senior Teams +50"]
[Site "Radebeul GER"]
[Date "2016.06.27"]
[Round "2.9"]
[Board "2"]
[White "Wagner-Michel, Annett"]
[Black "Ianov, Viktor"]
[Result "1-0"]
[WhiteTitle "WIM"]
[BlackTitle "IM"]
[WhiteElo "2139"]
[BlackElo "2324"]
[WhiteTeam "Germany 1 Women"]
[BlackTeam "Obuchiw"]
[WhiteFideId "4612205"]
[BlackFideId "14102730"]
[EventDate "2016.06.26"]

1. e4 d6 2. d4 g6 3. Nc3 Bg7 4. Be3 a6 5. Be2 Nd7 6. h3 b5 7. a3 Bb7 8. Qd2 Ngf6
9. d5 c6 10. Nf3 cxd5 11. exd5 Nb6 12. Bxb6 Qxb6 13. O-O O-O 14. Rfe1 Rac8 15.
Rad1 Rc7 16. Nh2 Rxc3 17. Qxc3 Nxd5 18. Qb3 Bd4 19. Rxd4 Qxd4 20. Bf3 e6 21. Rd1
Qc5 22. Rd2 Ba8 23. Ng4 Kg7 24. Bxd5 Bxd5 25. Qd3 Rd8 26. b4 Qc4 27. Qe3 Qe4 28.
Qh6+ Kg8 29. Ne3 Qe5 30. Rd1 Rc8 31. Nxd5 exd5 32. Qd2 Qf6 33. Qe2 Qf5 34. Rd3
Kg7 35. Qd2 d4 36. Rxd4 Rxc2 37. Qe3 Qf6 38. Rd3 Ra2 39. Qg3 h5 40. h4 Qa1+ 41.
Kh2 Qe1 42. Rxd6 Ra1 43. Qf4 Qg1+ 44. Kg3 Rxa3+ 45. f3 Qe1+ 46. Kh2 Qe3 47. Qf6+ 1-0

[Event "World Senior Teams +50"]
[Site "Radebeul GER"]
[Date "2016.06.27"]
[Round "2.9"]
[Board "3"]
[White "Kernazhitsky, Leonid"]
[Black "Mai, Iris"]
[Result "1-0"]
[WhiteTitle "IM"]
[BlackTitle "WIM"]
[WhiteElo "2285"]
[BlackElo "2094"]
[WhiteTeam "Obuchiw"]
[BlackTeam "Germany 1 Women"]
[WhiteFideId "14102102"]
[BlackFideId "4627393"]
[EventDate "2016.06.26"]

1. e4 c5 2. Nf3 e6 3. d4 cxd4 4. Nxd4 a6 5. Nc3 Qc7 6. Bd3 b5 7. f4 Bb7 8. Be3
Nf6 9. Qf3 Nc6 10. g4 d6 11. g5 Nxd4 12. Bxd4 Nd7 13. O-O-O b4 14. Ne2 e5 15.
Be3 Rc8 16. Kb1 Nc5 17. Bxc5 Qxc5 18. b3 Be7 19. h4 a5 20. Bc4 f5 21. Ng3 g6 22.
h5 Rf8 23. hxg6 hxg6 24. Rh7 exf4 25. Qxf4 fxe4 26. Qg4 Qe5 27. Rd5 Qc3 28. Bb5+
Rc6 29. Bxc6+ Bxc6 30. Qc8+ Bd8 31. Qe6+ 1-0

[Event "World Senior Teams +50"]
[Site "Radebeul GER"]
[Date "2016.06.27"]
[Round "2.9"]
[Board "4"]
[White "Wolf, Sylvia"]
[Black "Semenov, Valeri"]
[Result "1-0"]
[WhiteTitle "WFM"]
[BlackTitle "FM"]
[WhiteElo "2034"]
[BlackElo "2279"]
[WhiteTeam "Germany 1 Women"]
[BlackTeam "Obuchiw"]
[WhiteFideId "4612701"]
[BlackFideId "14101319"]
[EventDate "2016.06.26"]

1. e4 c5 2. Nf3 Nc6 3. Bb5 Nf6 4. e5 Nd5 5. O-O Nc7 6. a4 g6 7. Nc3 Bg7 8. Re1
O-O 9. d3 Nxb5 10. axb5 Nb4 11. Ne4 b6 12. Bd2 Nd5 13. c4 Nc7 14. Bc3 Bb7 15. d4
cxd4 16. Qxd4 d5 17. Neg5 f6 18. exf6 exf6 19. Ne6 Nxe6 20. Rxe6 dxc4 21. Rd6
Qc8 22. Ng5 Qc5 23. Qxc5 bxc5 24. Ne6 Rf7 25. b6 a6 26. Rad1 Re7 27. Nxg7 Rxg7
28. Bxf6 Rf7 29. Rd8+ Rxd8 30. Rxd8+ Rf8 31. Rd7 Rf7 32. Be7 1-0

[Event "World Senior Teams +50"]
[Site "Radebeul GER"]
[Date "2016.06.27"]
[Round "2.10"]
[Board "1"]
[White "Becker, Norbert"]
[Black "Petran, Peter"]
[Result "1/2-1/2"]
[BlackTitle "IM"]
[WhiteElo "2092"]
[BlackElo "2331"]
[WhiteTeam "Rochade Bielefeld Revival"]
[BlackTeam "Slovakia"]
[WhiteFideId "4675649"]
[BlackFideId "14900114"]
[EventDate "2016.06.26"]

1. e4 c6 2. d4 d5 3. Nd2 dxe4 4. Nxe4 Nf6 5. Nxf6+ gxf6 6. c3 Bf5 7. Bf4 Nd7 8.
Nf3 Bg7 9. Qd2 e5 10. Bh6 Bxh6 11. Qxh6 Qe7 12. Qe3 Bg6 13. g3 Bh5 14. Nh4 Qe6
15. Bd3 exd4 16. cxd4 O-O-O 17. O-O Rhe8 18. Qf4 Bg6 19. Nf5 Ne5 20. Bb1 Qd5 21.
dxe5 fxe5 22. Qh4 Qd7 23. Ne3 f5 24. Qh3 f4 25. Qxd7+ Rxd7 26. Bxg6 hxg6 27. Ng4
Rd2 28. Rab1 Re6 29. f3 e4 30. fxe4 fxg3 31. hxg3 Rxe4 32. Rf4 Ree2 33. Rf2 Kc7
34. Rxe2 Rxe2 35. Kf1 Rd2 36. Ne3 b5 37. Ke1 Rh2 38. a3 a5 39. b4 Kb6 40. Rb3
axb4 41. axb4 c5 42. Nd5+ Kc6 43. Ne7+ Kd6 44. Nxg6 c4 45. Re3 Rb2 46. Nf4 Rxb4 1/2-1/2

[Event "World Senior Teams +50"]
[Site "Radebeul GER"]
[Date "2016.06.27"]
[Round "2.10"]
[Board "2"]
[White "Motuz, Karol"]
[Black "Mueller, Gerhard1"]
[Result "1-0"]
[WhiteTitle "FM"]
[WhiteElo "2333"]
[BlackElo "2110"]
[WhiteTeam "Slovakia"]
[BlackTeam "Rochade Bielefeld Revival"]
[WhiteFideId "14902621"]
[BlackFideId "4692829"]
[EventDate "2016.06.26"]

1. b3 e5 2. Bb2 d6 3. e3 Nf6 4. Nf3 Be7 5. Be2 O-O 6. O-O h6 7. c4 Bf5 8. Nc3
Re8 9. d3 Nbd7 10. b4 e4 11. Nd4 Bh7 12. dxe4 Nxe4 13. Nxe4 Bxe4 14. Bf3 Bxf3
15. Qxf3 Ne5 16. Qe2 Bf8 17. Rfd1 Qh4 18. Rac1 a6 19. h3 Qe4 20. f3 Qh4 21. Nf5
Qh5 22. e4 Ng6 23. Qd2 Qg5 24. Qxg5 hxg5 25. g3 Ne5 26. Kg2 Rad8 27. c5 g6 28.
Ne3 c6 29. Rc2 f6 30. Rcd2 Kf7 31. Bxe5 fxe5 32. Nc4 Ke6 33. Nxd6 Re7 34. Nc4
Rxd2+ 35. Rxd2 Rf7 36. Rd8 Be7 37. Rb8 Bf8 38. Na5 1-0

[Event "World Senior Teams +50"]
[Site "Radebeul GER"]
[Date "2016.06.27"]
[Round "2.10"]
[Board "3"]
[White "Beilfuss, Wilfried"]
[Black "Briestensky, Rastislav"]
[Result "0-1"]
[BlackTitle "FM"]
[WhiteElo "2193"]
[BlackElo "2339"]
[WhiteTeam "Rochade Bielefeld Revival"]
[BlackTeam "Slovakia"]
[WhiteFideId "4607856"]
[BlackFideId "14900394"]
[EventDate "2016.06.26"]

1. c4 Nf6 2. Nc3 d6 3. g3 g6 4. Bg2 Bg7 5. Nf3 O-O 6. O-O e5 7. d4 Nbd7 8. e3
Re8 9. b3 c6 10. Bb2 e4 11. Nd2 d5 12. Rc1 a6 13. b4 h5 14. a4 h4 15. b5 Nf8 16.
Re1 hxg3 17. hxg3 Ne6 18. Qb3 Ng5 19. Ba3 Bh3 20. bxc6 bxc6 21. Bxh3 Nxh3+ 22.
Kg2 Qd7 23. Rh1 Reb8 24. Qd1 Ng5 25. Ne2 Bf8 26. Bxf8 Kxf8 27. Qc2 Kg7 28. Nf4
Ra7 29. Rb1 Rab7 30. Rxb7 Rxb7 31. Rb1 Rxb1 32. Qxb1 dxc4 33. Nxc4 Nd5 34. Ne5
Nxf4+ 35. exf4 Qh3+ 36. Kg1 Nf3+ 37. Nxf3 exf3 38. Qf1 Qxf1+ 39. Kxf1 Kf6 40.
Ke1 Ke6 41. Kd2 Kd5 42. Ke3 f5 43. Kd3 a5 44. Kc3 c5 45. dxc5 Kxc5 0-1

[Event "World Senior Teams +50"]
[Site "Radebeul GER"]
[Date "2016.06.27"]
[Round "2.10"]
[Board "4"]
[White "Franzen, Jozef"]
[Black "Thoele, Wolfgang"]
[Result "1-0"]
[WhiteTitle "IM"]
[WhiteElo "2280"]
[BlackElo "1990"]
[WhiteTeam "Slovakia"]
[BlackTeam "Rochade Bielefeld Revival"]
[WhiteFideId "14900181"]
[BlackFideId "1271030"]
[EventDate "2016.06.26"]

1. Nf3 d5 2. g3 Nf6 3. Bg2 g6 4. O-O Bg7 5. c4 c6 6. d4 O-O 7. Nbd2 Nbd7 8. b3
b6 9. Bb2 Bb7 10. e3 Rc8 11. Qe2 Ne4 12. Nxe4 dxe4 13. Ng5 Nf6 14. Nxe4 Nxe4 15.
Bxe4 Qc7 16. Rad1 Rfd8 17. Rd2 Rd7 18. Rfd1 e6 19. Bg2 Rcd8 20. b4 Bf8 21. c5
bxc5 22. dxc5 Ba6 23. Qe1 Bg7 24. Bxg7 Kxg7 25. Rxd7 Rxd7 26. Qc3+ Kg8 27. Rxd7
Qxd7 28. Qd4 Qc8 29. a4 Bb7 30. h4 a6 31. h5 gxh5 32. Bf3 Qc7 33. Qd6 Qc8 34.
Bxh5 Kg7 35. Qe7 1-0

[Event "World Senior Teams +50"]
[Site "Radebeul GER"]
[Date "2016.06.27"]
[Round "2.11"]
[Board "1"]
[White "Heidrich, Manfred"]
[Black "Hedin, Gunnar"]
[Result "1-0"]
[WhiteTitle "FM"]
[WhiteElo "2339"]
[BlackElo "2171"]
[WhiteTeam "SC Forchheim e.V."]
[BlackTeam "Sweden"]
[WhiteFideId "4602722"]
[BlackFideId "1712381"]
[EventDate "2016.06.26"]

1. e4 e6 2. d4 d5 3. Nd2 c5 4. exd5 exd5 5. Ngf3 a6 6. dxc5 Bxc5 7. Bd3 Qe7+ 8.
Qe2 Qxe2+ 9. Kxe2 Nf6 10. Nb3 Bb6 11. Be3 Bxe3 12. Kxe3 Nc6 13. Nbd4 Ng4+ 14.
Ke2 Nb4 15. Rhf1 O-O 16. a3 Re8+ 17. Kd2 Nxd3 18. Kxd3 Bd7 19. c3 f6 20. h3 Ne5+
21. Kd2 Kf7 22. Rfe1 h5 23. Rad1 a5 24. Kc1 Nc4 25. Nc2 Bc6 26. Nfd4 Re5 27. f4
Rxe1 28. Rxe1 Re8 29. Rxe8 Bxe8 30. b3 Nd6 31. Ne3 Bc6 32. Kc2 g6 33. Kd3 Ke7
34. Nxc6+ bxc6 35. a4 Ne4 36. b4 Kd6 37. Kd4 c5+ 38. bxc5+ Nxc5 39. Nxd5 Nxa4
40. Nxf6 Nb2 41. Ne4+ Kc6 42. Nd2 Kb5 43. g4 hxg4 44. hxg4 a4 45. f5 gxf5 46. g5
a3 47. g6 a2 48. Nb3 Ka4 49. Na1 1-0

[Event "World Senior Teams +50"]
[Site "Radebeul GER"]
[Date "2016.06.27"]
[Round "2.11"]
[Board "2"]
[White "Holst, Conny"]
[Black "Bartsch, Berthold"]
[Result "1-0"]
[BlackTitle "FM"]
[WhiteElo "2148"]
[BlackElo "2270"]
[WhiteTeam "Sweden"]
[BlackTeam "SC Forchheim e.V."]
[WhiteFideId "1701428"]
[BlackFideId "4604660"]
[EventDate "2016.06.26"]

1. d4 Nf6 2. c4 e5 3. dxe5 Ng4 4. Bf4 Bb4+ 5. Nd2 Nc6 6. Nf3 Qe7 7. e3 Ngxe5 8.
Nxe5 Nxe5 9. Be2 b6 10. O-O Bxd2 11. Qxd2 Bb7 12. Rac1 d6 13. b4 O-O 14. c5 dxc5
15. bxc5 Rfe8 16. Qc3 Bd5 17. Rfd1 c6 18. a4 Nd7 19. cxb6 axb6 20. Bc4 Be4 21.
f3 Bg6 22. Rd6 Nb8 23. Qd4 Qa7 24. Rd8 Qe7 25. Rd1 Na6 26. Rxe8+ Qxe8 27. Qxb6 1-0

[Event "World Senior Teams +50"]
[Site "Radebeul GER"]
[Date "2016.06.27"]
[Round "2.11"]
[Board "3"]
[White "Seyb, Dieter"]
[Black "Wademark, Helge"]
[Result "1-0"]
[WhiteTitle "FM"]
[WhiteElo "2265"]
[BlackElo "2067"]
[WhiteTeam "SC Forchheim e.V."]
[BlackTeam "Sweden"]
[WhiteFideId "4603346"]
[BlackFideId "1701606"]
[EventDate "2016.06.26"]

1. e4 e6 2. d4 d5 3. Nc3 Nf6 4. e5 Nfd7 5. f4 c5 6. Nf3 Nc6 7. Be3 Be7 8. Qd2
O-O 9. Nd1 cxd4 10. Nxd4 Nc5 11. Nf2 Bd7 12. Be2 Rc8 13. c3 Na4 14. O-O Na5 15.
Rfd1 a6 16. Rac1 Qc7 17. Nf3 Rfd8 18. Bd4 Nc4 19. Bxc4 dxc4 20. Qe2 Bc6 21. Rd2
Bd5 22. Ng4 Nc5 23. Rf1 Nd3 24. Ne1 Nxe1 25. Qxe1 Qc6 26. Qg3 Kh8 27. Ne3 g6 28.
Ng4 Kg7 29. Nf6 Be4 30. h4 Bc5 31. Rfd1 Bd3 32. Bxc5 Qxc5+ 33. Kh2 Qe7 34. Qg5
Rc7 35. h5 h6 36. Qh4 Rh8 37. Rh1 b5 38. Qf2 Qc5 39. Qxc5 Rxc5 40. hxg6 fxg6 41.
g4 g5 42. Kg3 a5 43. a3 Rcc8 44. Kf3 Rhd8 45. Ke3 Rb8 46. fxg5 hxg5 47. Rh5 Bg6
48. Rhh2 b4 49. axb4 axb4 50. Ne4 bxc3 51. bxc3 Rxd2 52. Rxd2 Rb5 53. Rd7+ Kf8
54. Kd4 Be8 55. Rd6 Ke7 56. Nxg5 Bd7 57. Ne4 Rb1 58. Kxc4 Bb5+ 59. Kc5 Be2 60.
Nf6 Rc1 61. Rd7+ Kf8 62. Rd2 Bf1 63. Kd6 Bc4 64. Ne4 Kf7 65. Ng5+ Kg6 66. Nxe6
Rxc3 67. Rd4 Be2 68. Nf4+ 1-0

[Event "World Senior Teams +50"]
[Site "Radebeul GER"]
[Date "2016.06.27"]
[Round "2.11"]
[Board "4"]
[White "Kirppo, Ronny"]
[Black "Kannenberg, Karl-Heinz"]
[Result "1/2-1/2"]
[WhiteElo "1823"]
[BlackElo "2236"]
[WhiteTeam "Sweden"]
[BlackTeam "SC Forchheim e.V."]
[WhiteFideId "1724681"]
[BlackFideId "4643348"]
[EventDate "2016.06.26"]

1. d4 d5 2. c4 c6 3. cxd5 cxd5 4. Nc3 Nc6 5. Nf3 Nf6 6. Bf4 Bf5 7. e3 e6 8. Qb3
Bb4 9. Bb5 O-O 10. O-O Bxc3 11. bxc3 Na5 12. Qb4 a6 13. Be2 Ne4 14. Rfc1 g5 15.
Nxg5 Nxg5 16. Bxg5 Qxg5 17. Qxa5 Be4 18. g3 h5 19. Qc7 h4 20. Qf4 Qxf4 21. gxf4
Kh8 22. f3 Bf5 23. Kf2 Rac8 24. c4 Rg8 25. c5 Rc7 26. a4 a5 27. Bb5 f6 28. Rg1
Rgc8 29. Rac1 b6 30. Ba6 Rb8 31. c6 Kh7 32. Rc3 Kh6 33. Rcc1 Ra8 34. Bb7 Rb8 35.
Rc3 Rf8 36. Ba6 Ra8 37. Bb7 Rf8 38. Ba6 Ra8 39. Bb7 1/2-1/2

[Event "World Senior Teams +50"]
[Site "Radebeul GER"]
[Date "2016.06.27"]
[Round "2.12"]
[Board "1"]
[White "Mueller, Michael1"]
[Black "Clara, Hans-Joachim"]
[Result "1/2-1/2"]
[WhiteTitle "FM"]
[BlackTitle "FM"]
[WhiteElo "2244"]
[BlackElo "2320"]
[WhiteTeam "Stiftung BSW / DBAG II"]
[BlackTeam "Hessische Seniorenmannschaft"]
[WhiteFideId "4622081"]
[BlackFideId "4600380"]
[EventDate "2016.06.26"]

1. d4 Nf6 2. Nf3 e6 3. Bf4 c5 4. e3 b6 5. Nbd2 Bb7 6. Bd3 Be7 7. O-O O-O 8. h3
cxd4 9. exd4 d6 10. Re1 Nbd7 11. c4 d5 12. a3 dxc4 13. Nxc4 Nd5 14. Bh2 N7f6 15.
Rc1 b5 16. Nce5 Qb6 17. Qe2 a6 18. g4 Rad8 19. Bg3 Nd7 20. Kh2 Bd6 21. Rc2 Ne7
22. Rec1 Bxf3 23. Nxf3 Bxg3+ 24. fxg3 Nf6 25. Rc5 Qd6 26. Bb1 Nd7 27. R5c3 Nb6
28. Bd3 Qb8 29. Qe4 g6 30. R3c2 Nbd5 31. Rc5 Qd6 32. Qe2 h6 33. Be4 Nf6 34. Bd3
Nd7 35. R5c2 Kg7 36. a4 bxa4 37. Bxa6 Ra8 1/2-1/2

[Event "World Senior Teams +50"]
[Site "Radebeul GER"]
[Date "2016.06.27"]
[Round "2.12"]
[Board "2"]
[White "Nehmert, Ulrich"]
[Black "Kuhne, Detlev"]
[Result "1-0"]
[WhiteTitle "FM"]
[WhiteElo "2324"]
[BlackElo "2085"]
[WhiteTeam "Hessische Seniorenmannschaft"]
[BlackTeam "Stiftung BSW / DBAG II"]
[WhiteFideId "4600681"]
[BlackFideId "4642872"]
[EventDate "2016.06.26"]

1. e4 Nf6 2. Nc3 d5 3. e5 d4 4. exf6 dxc3 5. fxg7 cxd2+ 6. Qxd2 Qxd2+ 7. Bxd2
Bxg7 8. O-O-O Bf5 9. Bf4 c6 10. Bd3 Bxd3 11. Rxd3 Nd7 12. Nf3 Nc5 13. Ra3 a6 14.
Re1 Rd8 15. h4 Ne6 16. Be3 O-O 17. h5 Rd5 18. g4 Rfd8 19. c4 Rd3 20. Rxd3 Rxd3
21. h6 Bf8 22. g5 f6 23. Rg1 fxg5 24. Ne5 Rxe3 25. fxe3 Bxh6 26. Kc2 Bg7 27. Nf3
h6 28. b4 Kf7 29. Kd3 Kg6 30. Ke4 Bc3 31. a3 a5 32. Ne5+ Kg7 33. Kf5 Nf8 34.
bxa5 e6+ 35. Ke4 Nh7 36. Nxc6 Kf7 37. Rb1 Kg6 38. Rxb7 Nf6+ 39. Kd3 Bxa5 40.
Nxa5 h5 41. Nc6 Ng4 42. Ke4 Nf2+ 43. Kf3 Nd3 44. Rd7 Nc5 45. Rd1 Kh6 46. Ne5 1-0